| 000 | 03931nam a22004097a 4500 | ||
|---|---|---|---|
| 005 | 2010101908158.0 | ||
| 010 | _aHIN-90910 B-437184-195 | ||
| 020 |
_a9788190844494 _c200.00 |
||
| 035 | _aHN-63256 | ||
| 035 | _aB-437184-195 | ||
| 037 | _bDBAD / PUB | ||
| 037 | _bएलाईड पब्लिशर्स | ||
| 082 | _aक | ||
| 100 |
_aमोरवाल, भगवानदास _929476 |
||
| 245 |
_aलक्ष्मण-रेखा / _cभगवानदास मोरवाल |
||
| 246 |
_aLakshman rekha _bby Bhagwandas Morwal |
||
| 260 |
_aनई दिल्ली _bसनफ्लावर बुक्स _c2010 |
||
| 270 |
_a4790-61, (द्वितीय तल) 23, अंसारी रोड, दरियागंज _bनई दिल्ली _e110002 |
||
| 300 |
_a128पृ. _c22सेमी (सजिल्द) |
||
| 700 | _923660 | ||
| 700 | _924008 | ||
| 942 |
_2ddc _cHN _hक _mमोरवा |
||
| 999 |
_c48493 _d48493 |
||